000 00813nam a22002417a 4500
003 UA-OsUOA
001 125129
007 ta
008 20170907b un ||||| |||| 00| 0 ukr d
100 _aКозачок Я. В.
090 _a82.09(477)
_bК59
942 _cBK
040 _aUA-OsUOA
_bukr
_cUA-OsUOA
_dUA-OsUOA
245 _aУкраїнська ідея: з вузької стежки на широку дорогу (художня і науково-публіцистична творчість Миколи Костомарова)
_bмонографія
300 _a352 с.
955 _a1
041 _aukr
080 _a82.09(477)
020 _a966-598-158-7
260 _aК.
_bНАУ
_c2004
650 7 _a82 Література. Літературознавство
_2UDC
999 _c412353
_d412353